Remote sensing for hazard monitoring and disaster assessment : marine and coastal applications in the Mediterranean region

Αποθηκεύτηκε σε:
Λεπτομέρειες βιβλιογραφικής εγγραφής
Άλλοι συγγραφείς: Barrett, E. C. (Eric Charles) (Επιμελητής έκδοσης), Brown, Krystyna A. (Επιμελητής έκδοσης), Micallef, Anton (Επιμελητής έκδοσης)
Μορφή: Βιβλίο
Γλώσσα:English
Δημοσίευση: Philadelphia : Gordon and Breach Science , 1991
Σειρά:Current topics in remote sensing = 1991 ; ; 2
Θέματα:
Ετικέτες: Προσθήκη ετικέτας
Δεν υπάρχουν, Καταχωρήστε ετικέτα πρώτοι!

MARC

LEADER 00000nam a2200000 i 4500
001 1/11883
008 980120s1991 eng d
020 |a 2-88124-809-8 
035 |1 ΠΑΡ  |a 1997  |l 10018420 
040 |a GR-MY-UA  |b gre  |e aacr 
041 0 |a eng 
082 0 |a 621.3678 
245 1 0 |a Remote sensing for hazard monitoring and disaster assessment :  |b marine and coastal applications in the Mediterranean region /  |c Edited by Eric C. Barrett, Krystyna A. Brown and Anton Micallef 
260 |a Philadelphia :   |b Gordon and Breach Science ,   |c 1991 
300 |a 240 p.  |b fig.; tables 
490 1 |a Current topics in remote sensing  |v ; 2 
500 |a Principal presentations prepared for an international training course sponsored by the Council of Europe and organised by the Foundation for International Studies, Valletta, Malta, 20-30 November 1989, and co-organised by the Euro-Mediterranean Centre on Marine Contamination Hazards. Foundation for International Studies, Malta, in conjunction with the Remote Sensing Unit of the University of Bristol, UK. 
504 |a Includes index 
650 0 0 |a Natural disasters  |z Mediterranean Region  |x Remote sensing  |x Congresses. 
700 1 |a Barrett, E. C.  |q (Eric Charles)  |4 edt 
700 1 |a Brown, Krystyna A.  |4 edt 
700 1 |a Micallef, Anton.  |4 edt 
830 0 |a Current topics in remote sensing = 1991 ;  |v ; 2 
852 |a INST  |b LESVOS  |e 19980120  |h 621.3678 REM  |p 005100015325  |q 005100015325  |t BK  |y 0 
909 |a Λ  |b 051477 
950 |a 079/1995-10-24